Design of concrete structures (Record no. 3628)

000 -LEADER
fixed length control field 00663nam a2200229 a 4500
001 - CONTROL NUMBER
control field 3628
003 - CONTROL NUMBER IDENTIFIER
control field BD-DhUET
008 - FIXED-LENGTH DATA ELEMENTS--GENERAL INFORMATION
fixed length control field 850621s1985 enka b 101 0 eng
020 ## - INTERNATIONAL STANDARD BOOK NUMBER
International Standard Book Number 007Y665486
040 ## - CATALOGING SOURCE
Original cataloging agency DLC
Transcribing agency DLC
Modifying agency BD-DhUET
082 00 - DEWEY DECIMAL CLASSIFICATION NUMBER
Classification number 624.183
Item number NIL/1986
100 ## - MAIN ENTRY--PERSONAL NAME
Personal name Nilson, Arthur H.
245 00 - TITLE STATEMENT
Title Design of concrete structures
Statement of responsibility, etc. by Arthur H. Nilson and George Winter
250 ## - EDITION STATEMENT
Edition statement 10th ed.
260 ## - PUBLICATION, DISTRIBUTION, ETC. (IMPRINT)
Place of publication, distribution, etc. New York:
Name of publisher, distributor, etc. McGraw Hill Book Company,
Date of publication, distribution, etc. 1986.
300 ## - PHYSICAL DESCRIPTION
Extent xi, 380 p. :
Other physical details ill. ;
Dimensions 23 cm.
490 ## - SERIES STATEMENT
Series statement Civil engineering series
504 ## - BIBLIOGRAPHY, ETC. NOTE
Bibliography, etc Includes bibliographies
650 #0 - SUBJECT ADDED ENTRY--TOPICAL TERM
Topical term or geographic name as entry element Reinforced concrete
700 ## - ADDED ENTRY--PERSONAL NAME
Personal name Winter, George
942 ## - ADDED ENTRY ELEMENTS (KOHA)
Koha item type General Book
Holdings
Price effective from Koha normalized classification for sorting Koha full call number Koha out on loan Piece designation (barcode) Koha date last borrowed Koha issues (times borrowed) Lost status Copy number Shelving location Not for loan Koha item type Koha renewals Source of classification or shelving scheme Damaged status Location (home branch) Koha date last seen Sublocation or collection (holding branch) Date acquired Withdrawn status
2014-11-02624_000000000000000_183NIL1986624.183/NIL/19862027-02-23778732026-02-236 1Circulation section General Book1  Central Library, BUET2026-02-23Central Library, BUET2014-11-02 
2024-12-04624_183000000000000_NIL_1986624.183 NIL/1986 77816   ১০/ক-১Rental section Rental Item   Central Library, BUET2024-12-04Central Library, BUET1990-10-23 
2024-12-04624_183000000000000_NIL_1986624.183 NIL/1986 77817   ১০/ক-২Rental section Rental Item   Central Library, BUET2024-12-04Central Library, BUET1990-10-23 
2024-12-04624_183000000000000_NIL_1986624.183 NIL/1986 77818   ১০/ক-৩Rental section Rental Item   Central Library, BUET2024-12-04Central Library, BUET1990-10-23 
2024-12-04624_183000000000000_NIL_1986624.183 NIL/1986 77819   ১০/ক-৪Rental section Rental Item   Central Library, BUET2024-12-04Central Library, BUET1990-10-23 
2024-12-04624_183000000000000_NIL_1986624.183 NIL/1986 77820   ১০/ক-৫Rental section Rental Item   Central Library, BUET2024-12-04Central Library, BUET1990-10-23 
2024-12-04624_183000000000000_NIL_1986624.183 NIL/1986 77821   ১০/ক-৬Rental section Rental Item   Central Library, BUET2024-12-04Central Library, BUET1990-10-23 
2024-12-04624_183000000000000_NIL_1986624.183 NIL/1986 77822   ১০/ক-৭Rental section Rental Item   Central Library, BUET2024-12-04Central Library, BUET1990-10-23 
2024-12-04624_183000000000000_NIL_1986624.183 NIL/1986 77823   ১০/ক-৮Rental section Rental Item   Central Library, BUET2024-12-04Central Library, BUET1990-10-23 
2024-12-04624_183000000000000_NIL_1986624.183 NIL/1986 77824   ১০/ক-৯Rental section Rental Item   Central Library, BUET2024-12-04Central Library, BUET1990-10-23 
2024-12-04624_183000000000000_NIL_1986624.183 NIL/1986 77825   ১০/ক-১০Rental section Rental Item   Central Library, BUET2024-12-04Central Library, BUET1990-10-23 
2024-12-04624_183000000000000_NIL_1986624.183 NIL/1986 77826   ১০/ক-১১Rental section Rental Item   Central Library, BUET2024-12-04Central Library, BUET1990-10-23 
2024-12-04624_183000000000000_NIL_1986624.183 NIL/1986 77827   ১০/ক-১২Rental section Rental Item   Central Library, BUET2024-12-04Central Library, BUET1990-10-23 
2024-12-04624_183000000000000_NIL_1986624.183 NIL/1986 77828   ১০/ক-১৩Rental section Rental Item   Central Library, BUET2024-12-04Central Library, BUET1990-10-23 
2024-12-04624_183000000000000_NIL_1986624.183 NIL/1986 77829   ১০/ক-১৪Rental section Rental Item   Central Library, BUET2024-12-04Central Library, BUET1990-10-23 
2024-12-04624_183000000000000_NIL_1986624.183 NIL/1986 77830   ১০/ক-১৫Rental section Rental Item   Central Library, BUET2024-12-04Central Library, BUET1990-10-23 
2024-12-04624_183000000000000_NIL_1986624.183 NIL/1986 77831   ১০/ক-১৬Rental section Rental Item   Central Library, BUET2024-12-04Central Library, BUET1990-10-23 
2024-12-04624_183000000000000_NIL_1986624.183 NIL/1986 77832   ১০/ক-১৭Rental section Rental Item   Central Library, BUET2024-12-04Central Library, BUET1990-10-23 
2024-12-04624_183000000000000_NIL_1986624.183 NIL/1986 77833   ১০/ক-১৮Rental section Rental Item   Central Library, BUET2024-12-04Central Library, BUET1990-10-23 
2024-12-04624_183000000000000_NIL_1986624.183 NIL/1986 77834   ১০/ক-১৯Rental section Rental Item   Central Library, BUET2024-12-04Central Library, BUET1990-10-23 
2024-12-04624_183000000000000_NIL_1986624.183 NIL/1986 77835   ১০/ক-২০Rental section Rental Item   Central Library, BUET2024-12-04Central Library, BUET1990-10-23